000 00847nam a22002537a 4500
001 8833
003 FISKH
005 20251022111154.0
008 251022b cb ||||| |||| 00| 0 eng d
040 _aFISKH
_beng
_cFISKH
_dFISKH
050 _aPZ8.P573 T
082 _a398.2
100 _aAnonymous
245 _aThumbelina /
260 _aSdn. Bhd :
_bFuture Ace,
_c2005.
300 _a16 pages :
_bcolor illustrations ;
_c26 cm
505 _aG
520 _aA tiny girl no bigger than a thumb is stolen by a great ugly toad and subsequently has many adventures and makes many animal friends, before finding the perfect mate in a warm and beautiful southern land.
521 8 _a380
_bLexile estimate
521 8 _aG
_bRaz-Plus
650 _a Folk & Fairy Tales
_vPicture Book - Classic
942 _2ddc
_cBK
_n0
999 _c8833
_d8833